स्वर्ग की खरीददारी / (Record no. 114904)

MARC details
000 -LEADER
fixed length control field 01277nam a22002897a 4500
003 - CONTROL NUMBER IDENTIFIER
control field 0
005 - DATE AND TIME OF LATEST TRANSACTION
control field 20180828112854.0
008 - FIXED-LENGTH DATA ELEMENTS--GENERAL INFORMATION
fixed length control field 0
010 ## - LIBRARY OF CONGRESS CONTROL NUMBER
LC control number A-731462
020 ## - INTERNATIONAL STANDARD BOOK NUMBER
Terms of availability 50.00
International Standard Book Number 817145061
035 ## - SYSTEM CONTROL NUMBER
System control number A-731462 ,A-731470
037 ## - SOURCE OF ACQUISITION
Source of stock number/acquisition Cen Lib/Ret
040 ## - CATALOGING SOURCE
Original cataloging agency DPL
Language of cataloging HN
Transcribing agency 0
082 ## - DEWEY DECIMAL CLASSIFICATION NUMBER
Classification number
Item number आशापू
100 ## - MAIN ENTRY--PERSONAL NAME
Personal name आशापूर्णा देवी
9 (RLIN) 58909
245 ## - TITLE STATEMENT
Title स्वर्ग की खरीददारी /
Statement of responsibility, etc आशापूर्णा देवी; अनुवादक योगेन्द्र चौधरी
246 ## - VARYING FORM OF TITLE
Title proper/short title Swarg ki khariddari /
Remainder of title by Ashapurna Devi; anuvadak Yogendra Chaudhary
260 ## - PUBLICATION, DISTRIBUTION, ETC. (IMPRINT)
Place of publication, distribution, etc दिल्ली
Name of publisher, distributor, etc सन्मार्ग प्रकाशन
Date of publication, distribution, etc 1995
270 ## - ADDRESS
Address 16,यु. बी., बैंगलो रोड, जवाहर नगर
City दिल्ली
Postal code 110007
300 ## - PHYSICAL DESCRIPTION
Extent 79पृ.
Dimensions 21सेमी (सजिल्द)
650 ## - SUBJECT ADDED ENTRY--TOPICAL TERM
Topical term or geographic name as entry element हिन्दी साहित्य
9 (RLIN) 58910
650 ## - SUBJECT ADDED ENTRY--TOPICAL TERM
Topical term or geographic name as entry element हिन्दी साहित्य -- उपन्यास
9 (RLIN) 46379
650 ## - SUBJECT ADDED ENTRY--TOPICAL TERM
Topical term or geographic name as entry element Hindi literature
9 (RLIN) 58911
650 ## - SUBJECT ADDED ENTRY--TOPICAL TERM
Topical term or geographic name as entry element Hindi literature -- Fiction
9 (RLIN) 58912
700 ## - ADDED ENTRY--PERSONAL NAME
Personal name चौधरी, योगेन्द्र
9 (RLIN) 58913
942 ## - ADDED ENTRY ELEMENTS (KOHA)
Source of classification or shelving scheme Dewey Decimal Classification
Koha item type Hindi Books
Classification part
Call number suffix आशापू
Holdings
Withdrawn status Lost status Damaged status Not for loan Home library Current library Date acquired Source of acquisition Cost, normal purchase price Total Checkouts Full call number Barcode Date last seen Copy number Cost, replacement price Price effective from Koha item type Public note Source of classification or shelving scheme Collection code Date checked out
Written off       Central Library Central Library 18/08/2015 Cen Lib/Ret 50.00   उ आशापू A-731462 18/08/2015 12 50.00 18/08/2015 Hindi Books Written off on approval by DLB (By Circulation); dtd 20.12.2022      
Withdrawn       Central Library Central Library 31/10/2016   50.00   उ आशापू A-731463 31/10/2016 2 50.00 31/10/2016 Hindi Books   Dewey Decimal Classification    
        Patel Nagar Patel Nagar 28/08/2018 BPPD/Pub 50.00 1 उ आशापू A-731470 31/08/2018   50.00 28/08/2018 Hindi Books   Dewey Decimal Classification Fiction 28/08/2018

© Delhi Public Library
Hit Counter
free hit counter